バンドリ声優 - Statistics

General Stats
  • This quiz has been taken 33 times
  • The average score is 29 of 57
Answer Stats
キャラクター キャスト % Correct
戸山香澄 愛美
91%
湊友希那 相羽あいな
79%
倉田ましろ 進藤あまね
79%
市ヶ谷有咲 伊藤彩沙
73%
牛込りみ 西本りみ
70%
山吹沙綾 大橋彩香
70%
美竹蘭 佐倉綾音
70%
宇田川巴 日笠陽子
70%
丸山彩 前島亜美
70%
氷川紗夜 工藤晴香
70%
弦巻こころ 伊藤美来
70%
花園たえ 大塚紗英
67%
青葉モカ 三澤紗千香
64%
白鷺千聖 上坂すみれ
64%
奥沢美咲/ミッシェル 黒沢ともよ
64%
八潮瑠唯 Ayasa
64%
宇田川あこ 櫻川めぐ
61%
高松燈 羊宮妃那
61%
今井リサ(2代目) 中島由貴
58%
松原花音 豊田萌絵
58%
椎名立希 林鼓子
58%
二葉つくし mika
58%
白金燐子(2代目) 志崎樺音
55%
瀬田薫 田所あずさ
55%
広町七深 西尾夕香
55%
オブリビオニス/豊川祥子 高尾奏音
55%
氷川日菜 小澤亜李
52%
チュチュ/珠手ちゆ 紡木吏佐
52%
ドロリス/三角初華 佐々木李子
52%
レイヤ/和奏レイ Raychell
52%
上原ひまり 加藤英美里
48%
羽沢つぐみ 金元寿子
48%
若宮イヴ 秦佐和子
45%
今井リサ(初代) 遠藤ゆりか
45%
北沢はぐみ 吉田有里
45%
桐ヶ谷透子 直田姫奈
45%
千早愛音 立石凛
45%
要楽奈 青木陽菜
45%
牛込ゆり 三森すずこ
45%
ロック/朝日六花 小原莉子
42%
マスキング/佐藤ますき 夏芽
42%
モーティス/若葉睦 渡瀬結月
42%
白金燐子(初代) 明坂聡美
39%
長崎そよ 小日向美香
39%
月島まりな 洲崎綾
39%
戸山明日香 尾崎由香
39%
二十騎ひなこ 徳井青空
39%
鰐部七菜 佐々木未来
36%
アモーリス/祐天寺にゃむ 米澤茜
33%
鵜沢リィ 橘田いずみ
33%
大和麻弥 中上育実
30%
パレオ/鳰原令王那 倉知玲鳳
30%
ティモリス/八幡海鈴 岡田夢以
27%
純田まな 反田葉月
24%
都築詩船 小山茉美
9%
真次凛々子 儀武ゆう子
9%
海野夏希 福圓美里
6%
No matching quizzes found
Score Distribution
Percent of People with Each Score
Percentile by Number Answered
Your Score History
You have not taken this quiz